Do ilu policzysz w 15 sekund? - Statystyki

Ogólne statystyki
  • Ten quiz został rozwiązany 437 razy
  • Średni wynik to 23 z 50
Statystyki odpowiedzi
Cyfra % Poprawnych
1
100%
2
99%
3
99%
5
98%
4
96%
6
94%
7
93%
8
93%
9
93%
10
88%
12
88%
11
87%
13
81%
14
80%
15
79%
16
79%
17
75%
18
71%
19
69%
20
62%
21
62%
22
49%
23
43%
24
39%
25
38%
26
35%
27
34%
28
29%
29
26%
31
23%
30
22%
32
18%
33
13%
34
12%
36
9%
41
9%
35
8%
37
8%
42
8%
38
6%
39
6%
45
6%
40
5%
43
5%
44
4%
46
4%
47
4%
48
4%
50
4%
49
3%
Nie znaleziono quizów pasujących do podanych kryteriów
Rozkład punktacji
Procent ludzi z każdym wynikiem
Percentyl według liczby udzielonych odpowiedzi
Twoja historia wyników
Nie rozwiązałeś tego quizu